LEADER 00922nam a2200205 i 4500 001 000000017125 003 CaOOAMICUS 005 20180830125443.0 008 180830s1957 it u000 u ita u 040 $aSeMil$bita 100 1 $aSchlesinger, Arthur Meier Jr.,$d<1917-2007>.$0(OLS)http://semarc/name/7849 240 14$aThe age of Roosevelt.$0(OLS)http://semarc/title/22639 245 12$aL'età di Roosevelt /$cArthur M. Schlesinger, Jr. 260 $aBologna :$bIl Mulino,$c1957 (Stampa 1959) 300 $av. ;$c24 cm. 600 14$aRoosevelt, Franklin Delano <1882-1945>.$0(OLS)http://semarc/subject/2789 773 0 $tStoria americana.$dBologna : Il Mulino, [195?]$w()17124 774 0 $aSchlesinger, Arthur Meier Jr. <1917-2007>$tCrisi del vecchio ordine.$kStoria americana$w()130791 996 $6245$aL'età di Roosevelt$9(OLS)http://semarc/title/22638 996 $6260$aBologna :$bIl Mulino$9(OLS)http://semarc/publisher/29842 LEADER 01068nam a2200265 i 4500 001 000000085295 003 CaOOAMICUS 005 20180830145956.0 008 180830s1978 xx u000 u und u 013 $a57535 020 $a88-459- 040 $aSeMil$bita 100 1 $aCanetti, Elias ,$d<1905-1994>.$0(OLS)http://semarc/name/17193 245 13$aLa provincia dell'uomo. Quaderni di appunti (1942-1972) 260 $aMilano :$bAdelphi,$c1978. 300 $a372 p. 490 0 $aBiblioteca Adelphi ;$v80 650 4$aDiari e memorie.$0(OLS)http://semarc/subject/12810 650 4$aGermania - Storia - Sec. 20.$0(OLS)http://semarc/subject/4134 830 0$aBiblioteca Adelphi ;$v80.$0(OLS)http://semarc/title/7073 850 $aSeMil 852 $aSeMil$W1$xVenegono$y1$m48 4 80 *$j49331$B49331$CSeMilBibl$Z2$F52894 $81 996 $6020$a88-459-$9(OLS)http://semarc/number/65654 996 $6245$aLa provincia dell'uomo. Quaderni di appunti (1942-1972)$9(OLS)http://semarc/title/131857 996 $6260$aMilano :$bAdelphi$9(OLS)http://semarc/publisher/30018